00686nam a22001817a 450000500170000001000230001702000260004003500140006608200110008010000220009124501140011325000060022726000490023327001190028230000240040150000450042570000340047020241211120842.0 aDEC24SC ENG-142957 a9789358707212c550.00 aEN-126489 a00021 aKochhar, Sandeep  aThe 99 Percentile CAT:bVerbal Ability & Reading Comprehension/cby Sandeep Kochhar [and] Vishwapriya Kochhar a1 aNew DelhibS Chand and Company Limitedc2024 a A-27, 2nd Floor, Mohan Co-operative Industrial EstatebNew Delhie110044minfo@schandpublishing.comk011-49731800 axiv,498p.c23cm(pb) a Guide by IIM Alumni + 5 Free Mock Tests aKochhar, Vishwapriya eAuthor